| 000 | 00451nam a2200169Ia 4500 | ||
|---|---|---|---|
| 003 | OSt | ||
| 005 | 20210920135752.0 | ||
| 008 | 190216s9999||||xx |||||||||||||| ||und|| | ||
| 040 | _coclc | ||
| 082 |
_a297 _bSAB/F |
||
| 100 |
_aSabique, Sayyid _91947 |
||
| 245 | 0 |
_aFiqh Sunnath / _cSayyid Sabique |
|
| 260 |
_bDarul Quran Ul Kareem, _aBeirut: |
||
| 300 | _a669p | ||
| 650 | _aArabic | ||
| 942 |
_cBK _2ddc _h297 _iSAB/F _k297 _mSAB/F |
||
| 999 |
_c409 _d409 |
||